| 000 | 00454cam a2200181ua 4500 | ||
|---|---|---|---|
| 020 | _c17.50 | ||
| 041 |
_aeng _h |
||
| 082 |
_a621.43 _bLIC/IN |
||
| 100 | _aLichty, Lester C . | ||
| 245 |
_aInternal combustion engines / _cLester C Lichty. _hTextual Documents |
||
| 250 |
_a6 / _b. |
||
| 260 |
_aNew York : _bMcGraw Hill Book Company , _c1951. |
||
| 300 | _a598 ; . | ||
| 365 | _a17.50 | ||
| 504 | _a | ||
| 942 | _cBK | ||
| 999 |
_c10253 _d10253 |
||